000 01433cam a22004213a 4500
001 8434
003 FISKH
005 20250911154020.0
008 111119s1991 nyua j 000 1 eng d
010 _a 2011514259
020 _a9780590449311
020 _a0590449311
020 _a9780590698696
035 _a17051647
035 _a(OCoLC)24947297
040 _aEXR
_cEXR
_dOCL
_dMUS
_dBTCTA
_dYDXCP
_dVVW
_dVUE
_dDLC
050 _aPZ7.C3736 M
082 _a107
100 1 _aChardiet, Bernice.
245 1 0 _aMartin and the teacher's pets /
_cby Bernice Chardiet and Grace Maccarone ; pictures by G. Brian Karas.
260 _aNew York :
_bScholastic Inc.,
_c1991.
300 _a44 unnumbered pages :
_bcolor illustrations ;
_c23 cm
336 _atext
_btxt
_2rdacontent
337 _aunmediated
_bn
_2rdamedia
338 _avolume
_bnc
_2rdacarrier
490 1 _aSchool friends
505 _aJ
520 _aWhen Martin takes his teacher's classroom fish home for the holidays, his carelessness causes him troubles involving his little sister.
521 8 _a490
_bLexile
521 8 _aJ
_bRaz-Plus
650 0 _aGoldfish
_vFiction.
655 7 _aChildren's stories.
_2lcsh
655 7 _aFiction.
_2lcgft
_0https://id.loc.gov/authorities/genreForms/gf2014026339
700 1 _aKaras, G. Brian.
_eillustrator
906 _a7
_bcbc
_ccopycat
_d2
_encip
_f20
_gy-genrareb
942 _2ddc
_cBK
_n0
999 _c8434
_d8434